| 000 | 00433nam a2200169Ia 4500 | ||
|---|---|---|---|
| 003 | GCL | ||
| 008 | 140319s9999 xx 000 0 eng d | ||
| 040 |
_aGCL / _cGCL |
||
| 082 | 0 | 4 |
_a270 _bM E |
| 100 | 1 | _aMINOIS, GEORGES | |
| 245 | 1 | 0 |
_aL'EGLISE ET LA SCIENCE: HISTOIRE D'UN MALENTENDU / _cMINOIS, GEORGES |
| 260 |
_a[S.N] : _bFAYARD ، _c1991 |
||
| 300 | _a526 P | ||
| 650 | 0 | 4 | _aRELIGION |
| 650 | 0 | 4 | _aCHURCHES |
| 942 |
_2ddc _cBK |
||
| 999 |
_c21524 _d21524 |
||